Countries which share no letters with their capital city - Statistics

General Stats
  • This quiz has been taken 41 times
  • The average score is 8 of 16
Answer Stats
Country % Correct
Italy
85%
Japan
85%
Rome
78%
Egypt
74%
Peru
74%
Tokyo
74%
Cairo
63%
Lima
63%
Fiji
59%
Suva
33%
Bolivia
26%
Liechtenstein
26%
Vaduz
26%
Sucre
22%
Montevideo
19%
Uruguay
19%
No matching quizzes found
Score Distribution
Percent of People with Each Score
Percentile by Number Answered
Your Score History
You have not taken this quiz